000 00313nam a2200121 a 4500
005 20140414132054.0
008 110714s19uu xx 00 eng d
050 _aFIL
_bP11 2004
100 _aPacis, Carla
245 _aHipon and biyaya.
260 _aManila Philippines :
_bAdarna House,
_c2004.
999 _c114270
_d114270